Countries Napoleon Fought - Statistics

General Stats
  • This quiz has been taken 573 times
  • The average score is 17 of 35
Answer Stats
Answer % Correct
Russia
97%
Austria
94%
Spain
94%
United Kingdom
94%
Prussia
90%
Portugal
88%
Sweden
81%
Denmark-Norway
78%
Ottoman Empire
72%
Dutch Republic
65%
Swiss Confederation
61%
Naples
60%
Poland-Lithuania
60%
Egypt
55%
Piedmont-Sardinia
53%
France (Royalists)
46%
Sicily
43%
Hungary
42%
Papal States
41%
Holy Roman Empire
39%
Saxony
39%
Venetian Republic
38%
Andorra
31%
Hanover
28%
Tuscany
28%
San Marino
26%
Monaco
25%
Republic of Genoa
22%
Haiti
18%
Montenegro
14%
Bohemia
10%
Persia
8%
Savoy
8%
Austrian Netherlands
1%
Hapsburg Empire (Small States)
0%
No matching quizzes found
Score Distribution
Percent of People with Each Score
Percentile by Number Answered
Your Score History
You have not taken this quiz